Textiles / (Record no. 142358)

MARC details
000 -LEADER
fixed length control field 00712nam a22002177a 4500
003 - CONTROL NUMBER IDENTIFIER
control field dpl
005 - DATE AND TIME OF LATEST TRANSACTION
control field 20170707113337.0
008 - FIXED-LENGTH DATA ELEMENTS--GENERAL INFORMATION
fixed length control field 170707b xxu||||| |||| 00| 0 eng d
020 ## - INTERNATIONAL STANDARD BOOK NUMBER
Terms of availability 799.00
International Standard Book Number 9789332536760
035 ## - SYSTEM CONTROL NUMBER
System control number B-668133
037 ## - SOURCE OF ACQUISITION
Source of stock number/acquisition Techniz
040 ## - CATALOGING SOURCE
Transcribing agency Techniz
082 14 - DEWEY DECIMAL CLASSIFICATION NUMBER
Classification number 648.1
100 ## - MAIN ENTRY--PERSONAL NAME
Personal name Kadolph, Sara J.
245 1# - TITLE STATEMENT
Title Textiles /
Statement of responsibility, etc by Sara J. Kadolph
260 ## - PUBLICATION, DISTRIBUTION, ETC. (IMPRINT)
Place of publication, distribution, etc Noida
Name of publisher, distributor, etc Pearson
Date of publication, distribution, etc 2014
270 ## - ADDRESS
Address A-8(A), 7th Floor, Knowledge Boulevard, Sector-62
City Noida
Postal code 201309
300 ## - PHYSICAL DESCRIPTION
Extent 588p.
Dimensions 26cm(pbk.)
942 ## - ADDED ENTRY ELEMENTS (KOHA)
Institution code [OBSOLETE] dpl
Koha item type English Books
Source of classification or shelving scheme Dewey Decimal Classification
Classification part 648.1
Call number suffix SHA
Holdings
Withdrawn status Lost status Source of classification or shelving scheme Damaged status Not for loan Collection code Home library Current library Date acquired Source of acquisition Cost, normal purchase price Total Checkouts Full call number Barcode Date last seen Date checked out Copy number Cost, replacement price Price effective from Koha item type
    Dewey Decimal Classification     Non-fiction Ashok Vihar Ashok Vihar 07/07/2017 SHA 799.00 1 648.1 SHA B-668133 28/01/2021 14/01/2021 1 799.00 07/07/2017 English Books

© Delhi Public Library
Hit Counter
free hit counter